000
00339 a2200169 4500
001
49893
020
_a
9788520000977
040
_c
Anchieta - Bela Vista
100
_a
Cunha, Leo
240
1
0
_a
Vira-lata
_l
por
245
1
0
_a
Vira-lata
300
_a
37
362
0
_a
2015
440
1
_a
FTD
650
4
_a
Literatura juvenil
942
_c
BK
999
_c
49893
_d
49893